000 01728nam a2200469Ii 4500
001 DIGPOPL0348
003 NyNyDIG
006 m o d
007 cr |||||||||||
008 240920s2013 sp o 000 0 spa d
035 _a(OCoLC)1456948346
040 _aDGITA
_beng
_erda
_epn
_cDGITA
020 _z9788478845798
041 1 _aspa
_hchi
043 _aa-cc---
050 1 4 _aNA7448 ebook
100 1 _aShan, Deqi,
_eauthor.
240 1 0 _aZhongguo min ju.
_lSpanish
245 1 0 _aViviendas populares de China /
_cShan Deqi ; traducción, Fan Moxian y Wang Hongxun.
264 1 _aMadrid :
_bEditorial Popular,
_c[2013]
300 _a1 online resource.
336 _atext
_btxt
_2rdacontent
337 _acomputer
_bc
_2rdamedia
338 _aonline resource
_bcr
_2rdacarrier
347 _atext file
_2rdaft
347 _bPDF
490 1 _aAsiateca. Serie Cultura china
588 0 _aOnline resource; title from PDF title page (Digitalia, viewed September 20, 2024)
650 0 _aArchitecture, Domestic
_zChina.
650 0 _aDwellings
_zChina.
650 0 _aVernacular architecture
_zChina.
700 1 _aMoxian, Fan,
_etranslator.
700 1 _aHongxun, Wang,
_etranslator.
700 1 _iTranslation of:
_aShan, Deqi.
_tZhongguo min ju.
791 2 _aDigitalia (Firm),
_edistributor.
793 0 _gDigitalia eBook Collection:
_aEditorial Popular
776 0 8 _iPrint version:
_aShan, Deqi.
_sZhongguo min ju. Spanish.
_tViviendas populares de China.
_dMadrid : Editorial Popular, [2013]
_z9788478845798
830 0 _aAsiateca.
_pSerie Cultura china ;
_v23.
856 4 0 _3Digitalia Hispánica
_uhttps://www.digitaliapublishing.com/a/156573/
910 _aPremium collection: 2024
942 _cRAA
999 _c286556
_d286556